Most Guessed Answer In Every State Quiz - Statistics

General Stats
  • This quiz has been taken 24 times
  • The average score is 41 of 50
Answer Stats
State Hint Answer % Correct
Georgia Capital and largest city Atlanta
96%
Massachusetts State capital Boston
96%
Illinois Most populous city Chicago
96%
Alabama Alabama's most important crop, before the Civil War Cotton
96%
Colorado Capital of Colorado Denver
96%
Arizona Famous canyon Grand Canyon
96%
California Most populous city Los Angeles
96%
Florida Most populous metro areas Miami
96%
Maine The only other U.S. state that Maine borders New Hampshire
96%
Delaware The only state smaller than Delaware Rhode Island
96%
Michigan Most populous city Detroit
91%
Indiana Capital of Indiana Indianapolis
91%
Arkansas Capital of Arkansas Little Rock
91%
Minnesota Largest city Minneapolis
91%
Connecticut States which borders Connecticut New York
91%
Mississippi U.S. states that border Mississippi Alabama
87%
Hawaii Hawaiian for Hello and Goodbye Aloha
87%
Maryland Most populous city Baltimore
87%
Kentucky Style of music named for a type of grass Bluegrass
87%
Alaska Capital city Juneau
87%
New Hampshire States that New Hampshire borders Maine
87%
Idaho U.S. states that Idaho borders Montana
87%
Louisiana Largest city New Orleans
87%
Nevada Complete the sentence: What happens in Vegas … Stays in Vegas
87%
Kansas Movie about a girl from Kansas named Dorothy The Wizard of Oz
87%
New York State capital Albany
83%
Nebraska States that border Nebraska Kansas
83%
North Dakota U.S. states that border North Dakota South Dakota
83%
Montana State capital Helena
78%
Texas Most populous city Houston
78%
Iowa U.S. states Iowa borders Illinois
78%
South Dakota Mountain with four Presidents carved in its face Mount Rushmore
78%
Vermont States that border Vermont New Hampshire
78%
Pennsylvania Most populous city Philadelphia
78%
Oregon Most populous city Portland
78%
North Carolina State capital Raleigh
78%
Utah Capital city Salt Lake City
78%
New Jersey City known for casinos Atlantic City
74%
Ohio Capital city Columbus
74%
Rhode Island States that border Rhode Island Connecticut
74%
Oklahoma Capital and largest city Oklahoma City
74%
Washington Most populous city Seattle
74%
Missouri Most populous metro area St. Louis
74%
West Virginia States that border West Virginia Virginia
74%
Tennessee Capital and largest city Nashville
70%
Virginia Capital city Richmond
70%
New Mexico Type of weapon first tested in New Mexico in 1945 Atomic bomb
65%
Wyoming World’s oldest national park Yellowstone
65%
Wisconsin Biggest lakes within or bordering Wisconsin Michigan
57%
South Carolina Flag removed from the capital in 2015 Confederate Battle Flag
48%
No matching quizzes found
Score Distribution
Percent of People with Each Score
Percentile by Number Answered
Your Score History
You have not taken this quiz